000
00264nam a2200109Ia 4500
008
190216s9999||||xx |||||||||||||| ||und||
100
_a
Khanna Ml & Varsheny Ls
245
0
_a
Real Analysis
260
_b
Jaiprakash Nath &co
_c
1993
300
_a
502p
942
_c
BK
999
_c
31079
_d
31079